| 000 | 01368nam0a2200337 4500 | ||
|---|---|---|---|
| 001 | RU\NLR\BIBL_A\011307719 | ||
| 005 | 20250630154441.0 | ||
| 010 |
_a978-5-906730-49-7 _92000 |
||
| 021 |
_aRU _b2016-95782 _96342 |
||
| 035 | _a(NLR Aleph) 011307719 | ||
| 035 | _a(NILC)LIBNET\0000727019 | ||
| 090 |
_a11005212 _c11005212 |
||
| 100 | _a20170112d2016 |||y0rusy50 ca | ||
| 101 | 0 | _arus | |
| 102 | _aRU | ||
| 105 | _aa|||j|||000zy | ||
| 200 | 1 |
_aТаргетированная реклама в социальных сетях _eполное руководство _fРустам Назипов |
|
| 210 |
_aМосква _cБилингва _d2016 |
||
| 215 |
_a223 с. _cил. _d21 |
||
| 225 | 1 | _aБиблиотека Академии Лидогенерации | |
| 320 | _aДр. кн. авт. на 4-й с. обл. | ||
| 606 | 1 |
_aINTERNET, глобальная информационная сеть _jРуководства, пособия и т.п _xПрименение в рекламе _92305133 _3RU\NLR\AUTH\661379890 |
|
| 686 | 1 | _aЧ600.0я7 | |
| 686 | 1 | _aУ5-803.81я7 | |
| 700 | 1 |
_aНазипов _bР. С. _gРустам Салаватович |
|
| 801 | 0 |
_aRU _bЦГПБ Санкт-Петербург _c20161215 _grcr |
|
| 942 | _cBOOK | ||
| 980 | _aNBR | ||
| 980 | _aNB | ||